| 000 | 00473nam a2200181Ia 4500 | ||
|---|---|---|---|
| 008 | 131103s9999 xx 000 0 und d | ||
| 020 | _cRs.2.40 | ||
| 040 | _aLoreto College | ||
| 041 | _aEnglish | ||
| 082 |
_a891.43/SHA _bLCBED/7506 |
||
| 100 | _aSharama, Ragnath | ||
| 245 |
_aHindi sahitya ka itihas _cRagnath Sharama |
||
| 260 |
_aAgra _bBinod pustak _c1966 |
||
| 300 |
_a232p. _c 20cm. |
||
| 650 | _aHindi lItarature | ||
| 850 | _aLCBED/891.43/SHA | ||
| 942 | _cBK | ||
| 999 |
_c35474 _d85953 |
||